| 000 | 00655nam a2200265Ia 4500 | ||
|---|---|---|---|
| 008 | 190123s9999 xx 000 0 und d | ||
| 020 | _a9780516274898 | ||
| 050 | _bW121 2003 | ||
| 100 | _aWade, Mary Dodson | ||
| 245 | 0 | _aCinco de Mayo / | |
| 245 | 0 | _cby Mary Dodson Wade. | |
| 260 | _aNew York, New York : | ||
| 260 | _bScholastic, | ||
| 260 | _c2003 | ||
| 300 | _a31 pages : | ||
| 300 | _bcolored illustrations ; | ||
| 300 | _c18cm. | ||
| 440 | _aRookie read-about holidays. | ||
| 500 | _a550L | ||
| 650 | _aManners and customs. | ||
| 650 | _aMexico -- | ||
| 650 | _xPuebla de Zaragoza. | ||
| 700 | _aSeries. | ||
| 700 | _aTitle. | ||
| 999 |
_c361063 _d361063 |
||